Southville International School and Colleges
Your cart is empty.
  • Cart
  • Lists
    Public lists Eva Luna New books Lux_list list_1
    Your lists Log in to create your own lists
  • Log in to your account
  • Your cookies
  • Search history
Southville International School and Colleges
  • Advanced search
  • Recent comments
  • Most popular
  • Libraries

Log in to your account

Log in with GOOGLE


If you do not have an external account, but do have a local account, you can still log in:

  1. Home
  2. MARC view: The wild, wild West /
Normal view MARC view ISBD view

The wild, wild West / (Record no. 34037)

[ view plain ]
MARC details
000 -LEADER
fixed length control field 01506cam a2200469 a 4500
001 - CONTROL NUMBER
control field 14290147
003 - CONTROL NUMBER IDENTIFIER
control field OSt
005 - DATE AND TIME OF LATEST TRANSACTION
control field 20140310184400.0
008 - FIXED-LENGTH DATA ELEMENTS--GENERAL INFORMATION
fixed length control field 060307s2005 nyuab b 000 1 eng d
010 ## - LIBRARY OF CONGRESS CONTROL NUMBER
LC control number 2006295565
020 ## - INTERNATIONAL STANDARD BOOK NUMBER
International Standard Book Number 0439691443 (pbk.)
020 ## - INTERNATIONAL STANDARD BOOK NUMBER
International Standard Book Number 1415606846 (BWI bdg.)
020 ## - INTERNATIONAL STANDARD BOOK NUMBER
International Standard Book Number 9780439691444
035 ## - SYSTEM CONTROL NUMBER
System control number (OCoLC)ocm60585209
040 ## - CATALOGING SOURCE
Original cataloging agency BKX
Transcribing agency BKX
Modifying agency BAKER
-- OCLCQ
-- EHH
-- X#4
-- VP@
-- XY4
-- DLC
041 1# - LANGUAGE CODE
Language code of text/sound track or separate title eng
Language code of original and/or intermediate translations of text ita
042 ## - AUTHENTICATION CODE
Authentication code lcac
-- lccopycat
043 ## - GEOGRAPHIC AREA CODE
Geographic area code n-usp--
050 00 - LIBRARY OF CONGRESS CALL NUMBER
Classification number PZ 7
Item number .St857Www 2005
100 ## - MAIN ENTRY--PERSONAL NAME
Personal name Stilton, Geronimo
130 0# - MAIN ENTRY--UNIFORM TITLE
Uniform title Quattro topi nel far west!
Language of a work English.
9 (RLIN) 25736
245 14 - TITLE STATEMENT
Title The wild, wild West /
Statement of responsibility, etc Geronimo Stilton ; [illustrations by Larry Keys and Ratterto Rattonchi].
260 ## - PUBLICATION, DISTRIBUTION, ETC. (IMPRINT)
Place of publication, distribution, etc New York :
Name of publisher, distributor, etc Scholastic,
Date of publication, distribution, etc 2005.
300 ## - PHYSICAL DESCRIPTION
Extent 106 p. :
Other physical details col. ill. ;
Dimensions 20 cm.
521 1# - TARGET AUDIENCE NOTE
Target audience note
526 ## - STUDY PROGRAM INFORMATION NOTE
Reading level 460
650 #0 - SUBJECT ADDED ENTRY--TOPICAL TERM
Topical term or geographic name as entry element Stilton, Geronimo (Fictitious character)
Form subdivision Juvenile fiction.
9 (RLIN) 25737
650 #0 - SUBJECT ADDED ENTRY--TOPICAL TERM
Topical term or geographic name as entry element Western stories.
9 (RLIN) 25738
650 #0 - SUBJECT ADDED ENTRY--TOPICAL TERM
Topical term or geographic name as entry element Mice
Form subdivision Juvenile fiction.
9 (RLIN) 25739
650 #0 - SUBJECT ADDED ENTRY--TOPICAL TERM
Topical term or geographic name as entry element Rats
Form subdivision Juvenile fiction.
9 (RLIN) 25740
650 #1 - SUBJECT ADDED ENTRY--TOPICAL TERM
Topical term or geographic name as entry element Mice
Form subdivision Fiction.
9 (RLIN) 25741
650 #1 - SUBJECT ADDED ENTRY--TOPICAL TERM
Topical term or geographic name as entry element Rats
Form subdivision Fiction.
9 (RLIN) 25742
650 #1 - SUBJECT ADDED ENTRY--TOPICAL TERM
Topical term or geographic name as entry element Journalists
Form subdivision Fiction.
9 (RLIN) 25743
650 #1 - SUBJECT ADDED ENTRY--TOPICAL TERM
Topical term or geographic name as entry element Humorous stories.
9 (RLIN) 3831
651 #1 - SUBJECT ADDED ENTRY--GEOGRAPHIC NAME
Geographic name West (U.S.)
Form subdivision Fiction.
9 (RLIN) 25744
906 ## - LOCAL DATA ELEMENT F, LDF (RLIN)
a 7
b cbc
c copycat
d 2
e ncip
f 20
g y-gencatlg
942 ## - ADDED ENTRY ELEMENTS (KOHA)
Source of classification or shelving scheme Library of Congress Classification
Koha item type
Holdings
Withdrawn status Lost status Source of classification or shelving scheme Damaged status Home library Current library Shelving location Date acquired Total Checkouts Full call number Barcode Date last seen Date checked out Copy number Price effective from Koha item type
    Library of Congress Classification   Luxembourg Library Luxembourg Library Scholastic Reading Center Section 10/08/2013 1 PZ 7 .St857Www 2005 LEX2062 04/18/2017 02/04/2015 1 01/30/2014 Books
    Library of Congress Classification   Luxembourg Library Luxembourg Library Scholastic Reading Center Section 10/08/2013 1 PZ 7 .St857Www 2005 LEX2277 04/18/2017 08/25/2016 2 10/08/2013 Books
    Library of Congress Classification   Luxembourg Library Luxembourg Library Scholastic Reading Center Section 10/09/2013   PZ 7 .St857Www 2005 LEX2061 04/18/2017   3 10/09/2013 Books

The wild, wild West /

APA

Stilton G., . (2005). The wild, wild West. New York: Scholastic.

Chicago

Stilton Geronimo, . 2005. The wild, wild West. New York: Scholastic.

Harvard

Stilton G., . (2005). The wild, wild West. New York: Scholastic.

MLA

Stilton Geronimo, . The wild, wild West. New York: Scholastic. 2005.

  • Place hold
  • Print
  • Cite
  • Add to your cart (remove)
  • Save record
    BIBTEX Dublin Core MARCXML MARC (non-Unicode/MARC-8) MARC (Unicode/UTF-8) MARC (Unicode/UTF-8, Standard) MODS (XML) RIS
  • More searches
    Search for this title in:
    Other Libraries (WorldCat) Other Databases (Google Scholar) Online Stores (Bookfinder.com) Open Library (openlibrary.org)

Exporting to Dublin Core...

SOUTHVILLE LIBRARY

Southville International School and Colleges Library

1281 Tropical Ave. Cor. Luxembourg St., BF Homes International, Las Pinas City

Tel. No. 8256374 / 252358 Loc. 117/146

Powered by Koha